Folies hystériques et psychoses dissociatives (Registro nro. 315295)

Detalles MARC
000 -ENCABEZADO
Número de control [NR] 00928 a2200265 4500
005 - FECHA Y HORA DE LA ÚLTIMA TRANSACCIÓN
control field 20190916083628.0
008 - DE LONGITUD FIJA DE DATOS DE ELEMENTOS - INFORMACIÓN GENERAL
Elementos de longitud fija [NR] 190916s2007 fr a|||fr|||| 001 0 fre d
020 ## - NUMERO INTERNACIONAL NORMALIZADO PARA LIBROS [R]
Número Internacional Normalizado del libro [NR] 9782228901970
040 ## - FUENTE DE CATALOGACION [NR]
Agencia de catalogación original [NR] CO-BoUCM
Idioma de catalogación [NR] spa
Quien Cataloga Saul Niño
Quien Clasifica Saul Niño
041 0# - CODIGO DE IDIOMA [R]
Código de idioma para texto/pista de sonido o título separado [R] Francés
060 ## - SIGNATURA TOPOGRAFICA DE LA BIBLIOTECA NACIONAL DE MEDICINA (NLM) [R]
Número clasificador [R] BF173
100 1# - ASIENTO PRINCIPAL--NOMBRE PERSONAL [NR]
Nombre personal [NR] Maleval Jean-Claude
ID Autoridad 66146
245 10 - MENCION DE TITULO [NR]
Título [NR] Folies hystériques et psychoses dissociatives
Mención de responsabilidad, etc. [NR] Jean -Claude Maleval ; traducción por Jorge Piatigorsky
260 ## - PUBLICACION, DISTRIBUCION, ETC. (PIE DE IMPRENTA) [R]
Lugar de publicación, distribución, etc. [R] Paris
Nombre del editor, distribuidor, etc. [R] Payot
Fecha de publicación, distribución, etc. [R] 2007
300 ## - DESCRIPCION FISICA [R]
Extensión [R] 315 páginas
Otros detalles físicos [NR] ilustraciones
500 ## - NOTA GENERAL [R]
Nota general [NR] [Título en español] Locuras histéricas y psicosis disociativas
546 ## - NOTA DE IDIOMA [R]
Nota de idioma [NR] Texto en francés
650 #7 - ASIENTO SECUNDARIO DE MATERIA - TERMINO TEMATICO [R]
9 (RLIN) 22781
Término temático o nombre geográfico como elemento de entrada [NR] Psicoanálisis
650 #7 - ASIENTO SECUNDARIO DE MATERIA - TERMINO TEMATICO [R]
9 (RLIN) 16914
Término temático o nombre geográfico como elemento de entrada [NR] Histeria
650 #7 - ASIENTO SECUNDARIO DE MATERIA - TERMINO TEMATICO [R]
9 (RLIN) 22870
Término temático o nombre geográfico como elemento de entrada [NR] Psicosis
650 #7 - ASIENTO SECUNDARIO DE MATERIA - TERMINO TEMATICO [R]
9 (RLIN) 8001
Término temático o nombre geográfico como elemento de entrada [NR] Psicología
765 ## - ASIENTO DE IDIOMA ORIGINAL [R]
Título [NR] Folies hystériques et psychoses dissociatives
942 ## - ELEMENTOS DE ENTRADA AGREGADOS (KOHA)
Tipo de ítem principal el descrito en 300a Libro
Sistema de clasificación DEWEY
Tema principal Psicología
Edición 1
Clasificación 150.1952
Parte restante de la signatura top. M248l
Existencias
Fecha de último préstamo Total préstamos Signatura topográfica Código de barras Última vez visto Ejemplar Costo de reposición Price effective from Tipo de ítem Perdido Sistema de clasificación Dañado No prestable Tipo de ítem específico Suprimido Ubicación habitual Ubicación actual Localización Fecha de creación Proveedor Forma de adquisición Costo
03/10/2019 1 150.1952 M248l 100163651 05/12/2025 Ej.1 215016.00 11/09/2019 Libro   DEWEY     Libro   Claustro Claustro 2do piso 11/09/2019 19 Compra 215016.00